Archives : l'expérience québécoise l'expérience québécoise
Descripción Física:
372 p. ; 23 cm
Materias:
Arxivística -- Quebec -- Revistes
MARC
| LEADER | 00000nam a2200000Ia 4500 | ||
|---|---|---|---|
| 001 | 9797 | ||
| 008 | 160829s1992 xx 000 0 cat d | ||
| 080 | |a A-2-43 | ||
| 245 | |a Archives : |b l'expérience québécoise | ||
| 260 | |a Sillery (Québec) : |b Association des archivistes , |c 1992 | ||
| 300 | |a 372 p. ; |c 23 cm | ||
| 590 | |a Archives: Vol. 24, no. 1-2 | ||
| 650 | |a Arxivística |x Quebec |x Revistes |9 37535 | ||
| 901 | |a Arxiu | ||
| 942 | |n 1 | ||
| 952 | |0 0 |1 0 |4 0 |6 A243 |7 1 |9 47918 |a Arxiu |b Arxiu |d 2016-12-01 |l 0 |o A-2-43 |p 9797 |r 2016-12-01 00:00:00 |w 2016-12-01 |y ARXIU | ||
| 999 | |c 51718 |d 51718 | ||